| 000 | 00449nam a2200133Ia 4500 | ||
|---|---|---|---|
| 008 | 260210s9999 xx 000 0 und d | ||
| 024 | _a16B-228-EL,16B-037-EL & 16B-003-EL | ||
| 082 | _a004.1211072 IFR | ||
| 100 | _aMuzammil Ali Shah,Haris Hassan, Ifrah Farooq & M. Hasnain Shah | ||
| 245 | 0 | _aThermal screening drone | |
| 260 |
_aKarachi: _bUITU, _c2017 |
||
| 600 | _aComputer System Engineering | ||
| 650 | _aBachelor of Engineering (BE) | ||
| 999 |
_c32790 _d32790 |
||